00531nam a2200121Ia 4500008004100000245017700041245001800218260000900236650002400245856004800269999001900317952007300336171204s9999 xx 000 0 und d aPhotoshop: Photoshop Lightroom and Photography for Beginners ( Box Set 3 in 1): Master 37 Photoshop & Photography Tips in 24 Hours or Less! (Photoshop ... - Graphic Design) cEdward Bailey c2016 xDIGITAL PHOTOGRAPHY uhttp://down.ebook777.com/029/B01LMMRQV0.pdf c346048d346048 001040aCLbCLd2017-12-04l0r2017-12-04 00:00:00w2017-12-04yCBE